Využitie FinTech nástrojov umelej inteligencie na podporu investičnej stratégie kryptomenového investora dizertačná práca

Guardado en:
Detalles Bibliográficos
Autor principal: Cibuľa, Milan, 1995-
Autor Corporativo: Podnikovohospodárska fakulta EU so sídlom v Košiciach. Katedra finančného riadenia podniku
Otros Autores: Tkáč, Michal, 1958-
Formato: Libro
Lenguaje:eslovaco
Publicado: Košice 2022
Materias:
Etiquetas: Agregar Etiqueta
Sin Etiquetas, Sea el primero en etiquetar este registro!

MARC

LEADER 00000nbm a2200000 4500
001 0287366
005 20230302100412.4
041 0 |a slo 
044 |a SK 
245 1 0 |a Využitie FinTech nástrojov umelej inteligencie na podporu investičnej stratégie kryptomenového investora  |b dizertačná práca  |c Milan Cibuľa ; školiteľ: Michal Tkáč 
264 1 |a Košice  |c 2022 
300 |a 118 s. 
610 2 0 |a inteligencia umelá 
610 2 0 |a investori 
610 2 0 |a učenie strojové 
610 2 0 |a technológia 
100 1 |a Cibuľa, Milan, 1995- 
700 1 |a Tkáč, Michal, 1958- 
710 2 |a Podnikovohospodárska fakulta EU so sídlom v Košiciach. Katedra finančného riadenia podniku